| 000 -LEADER |
| fixed length control field |
02837cam a2200397 a 4500 |
| 001 - CONTROL NUMBER |
| control field |
1663810 |
| 005 - DATE AND TIME OF LATEST TRANSACTION |
| control field |
20221220135233.0 |
| 008 - FIXED-LENGTH DATA ELEMENTS--GENERAL INFORMATION |
| fixed length control field |
970908s1996 enk b 101 0 eng d |
| 010 ## - LIBRARY OF CONGRESS CONTROL NUMBER |
| LC control number |
97191914 |
| 020 ## - INTERNATIONAL STANDARD BOOK NUMBER |
| International Standard Book Number |
1859730590 (cloth) |
| 020 ## - INTERNATIONAL STANDARD BOOK NUMBER |
| International Standard Book Number |
1859730647 (paper) |
| 035 ## - SYSTEM CONTROL NUMBER |
| System control number |
(OCoLC)35780007 |
| 040 ## - CATALOGING SOURCE |
| Original cataloging agency |
MU |
| Transcribing agency |
MU |
| Modifying agency |
WU |
| -- |
DLC |
| 042 ## - AUTHENTICATION CODE |
| Authentication code |
lccopycat |
| 050 00 - LIBRARY OF CONGRESS CALL NUMBER |
| Classification number |
JZ43 |
| Item number |
.W67 1994 |
| 082 00 - DEWEY DECIMAL CLASSIFICATION NUMBER |
| Classification number |
320.15,THE |
| Edition number |
21 |
| 245 04 - TITLE STATEMENT |
| Title |
The new world order : |
| Remainder of title |
sovereignty, human rights, and the self-determination of peoples / |
| Statement of responsibility, etc. |
edited by Mortimer Sellers. |
| 260 ## - PUBLICATION, DISTRIBUTION, ETC. |
| Place of publication, distribution, etc. |
Oxford ; |
| -- |
Washington, D.C. : |
| Name of publisher, distributor, etc. |
Berg, |
| Date of publication, distribution, etc. |
1996. |
| 300 ## - PHYSICAL DESCRIPTION |
| Extent |
xii, 340 p. ; |
| Dimensions |
22 cm. |
| 440 #0 - SERIES STATEMENT/ADDED ENTRY--TITLE |
| Title |
Nationalism and internationalism, |
| International Standard Serial Number |
1360-9335 |
| 9 (RLIN) |
105387 |
| 505 ## - FORMATTED CONTENTS NOTE |
| Formatted contents note |
Mortimer Sellers, Introduction (Page-1), Robert McCorquodale, Human Rights and Self-Determination (Page-9), Gerry J. Simpson, The Diffusion of Sovereignty: Self-Determinations in the Post-Colonial Age (Page-35), Vladimir Rudnitsky, Self-Determination in a Modern World: Conceptual Development and Practical Application (Page-71), Nergis Canefe, Sovereignty Without Nationalism? A Critical Assessment of Minority Rights Beyond the Sovereign Nation-State Model (Page-91), Sohail H. Hashmi, Self-Determination and Secession in Islamic Thought (Page-117), Stephanie Lawson, Self-Determination as Ethnocracy: Perspectives from the South Pacific (Page-153), René Provost, Problems of Indeterminacy and Characterization in the Application of Humanitarian Law (Page-177), Gian Luca Burci, United Nations Peacekeeping Operations in Situations of Internal Conflict (Page-237), Philippe Ch. A. Guillot, Human Rights, Democracy, and the Multidimensional Peace Operations of the United Nations (Page-273), Nira Wickramasinghe, From Human Rights to Good Governance: The Aid Regime in the 1990s (Page-305). |
| 610 20 - SUBJECT ADDED ENTRY--CORPORATE NAME |
| Corporate name or jurisdiction name as entry element |
United Nations |
| General subdivision |
Congresses. |
| 9 (RLIN) |
105388 |
| 650 #0 - SUBJECT ADDED ENTRY--TOPICAL TERM |
| Topical term or geographic name entry element |
International relations |
| General subdivision |
Congresses. |
| 9 (RLIN) |
105389 |
| 650 #0 - SUBJECT ADDED ENTRY--TOPICAL TERM |
| Topical term or geographic name entry element |
Sovereignty |
| General subdivision |
Congresses. |
| 9 (RLIN) |
105390 |
| 650 #0 - SUBJECT ADDED ENTRY--TOPICAL TERM |
| Topical term or geographic name entry element |
Human rights |
| General subdivision |
Congresses. |
| 9 (RLIN) |
105391 |
| 650 #0 - SUBJECT ADDED ENTRY--TOPICAL TERM |
| Topical term or geographic name entry element |
Self-determination, National |
| General subdivision |
Congresses. |
| 9 (RLIN) |
105392 |
| 650 #0 - SUBJECT ADDED ENTRY--TOPICAL TERM |
| Topical term or geographic name entry element |
World politics |
| Chronological subdivision |
1989- |
| General subdivision |
Congresses. |
| 9 (RLIN) |
105393 |
| 700 1# - ADDED ENTRY--PERSONAL NAME |
| Personal name |
Sellers, M. N. S. |
| Fuller form of name |
(Mortimer N. S.) |
| 9 (RLIN) |
105394 |
| 711 2# - ADDED ENTRY--MEETING NAME |
| Meeting name or jurisdiction name as entry element |
Workshop on International Organization studies |
| Date of meeting |
(1994 : |
| Location of meeting |
Brown university) |
| 9 (RLIN) |
105395 |
| 856 42 - ELECTRONIC LOCATION AND ACCESS |
| Materials specified |
Contributor biographical information |
| Uniform Resource Identifier |
<a href="http://www.loc.gov/catdir/enhancements/fy0601/97191914-b.html">http://www.loc.gov/catdir/enhancements/fy0601/97191914-b.html</a> |
| 856 42 - ELECTRONIC LOCATION AND ACCESS |
| Materials specified |
Publisher description |
| Uniform Resource Identifier |
<a href="http://www.loc.gov/catdir/enhancements/fy0601/97191914-d.html">http://www.loc.gov/catdir/enhancements/fy0601/97191914-d.html</a> |
| 856 41 - ELECTRONIC LOCATION AND ACCESS |
| Materials specified |
Table of contents only |
| Uniform Resource Identifier |
<a href="http://www.loc.gov/catdir/enhancements/fy0601/97191914-t.html">http://www.loc.gov/catdir/enhancements/fy0601/97191914-t.html</a> |
| 906 ## - LOCAL DATA ELEMENT F, LDF (RLIN) |
| a |
7 |
| b |
cbc |
| c |
copycat |
| d |
2 |
| e |
ncip |
| f |
19 |
| g |
y-gencatlg |
| 942 ## - ADDED ENTRY ELEMENTS (KOHA) |
| Source of classification or shelving scheme |
|
| Koha item type |
Book |
| Call number prefix |
320.15,THE |